[Event "TCh-CHN"]
[Site "Guangzhou CHN"]
[Date "2010.10.15"]
[Round "15"]
[White "Zhou, Weiqi"]
[Black "Yu, Yangyi"]
[Result "1-0"]
[WhiteTitle "GM"]
[BlackTitle "GM"]
[WhiteElo "2584"]
[BlackElo "2574"]
[WhiteTeam "Lanpo JIANGSU"]
[BlackTeam "BEIJING Aigo"]
[WhiteFideId "8601674"]
[BlackFideId "8603820"]
[EventDate "2010.05.23"]

1. d4 d5 2. c4 c6 3. Nc3 Nf6 4. cxd5 cxd5 5. Bf4 Nc6 6. e3 Qb6 7. Bd3 Bg4 8. f3
Bh5 9. Nge2 Bg6 10. O-O e6 11. Nb5 Rc8 12. Rc1 Qd8 13. a3 a6 14. Nbc3 Nh5 15. b4
Nxf4 16. Nxf4 Bd6 17. Nce2 O-O 18. Nxg6 hxg6 19. f4 g5 20. Qe1 f5 21. Qg3 gxf4
22. Nxf4 Qf6 23. Nh5 Qe7 24. Qg6 Qf7 25. Qxf7+ Kxf7 26. g4 g6 27. Nf4 a5 28.
bxa5 Nxa5 29. Ne2 Rxc1 30. Rxc1 fxg4 31. Rf1+ Kg7 32. Rxf8 Kxf8 33. Bxg6 Bxa3
34. Bh5 Bc1 35. Nxc1 1-0

[Event "TCh-CHN"]
[Site "Guangzhou CHN"]
[Date "2010.10.15"]
[Round "15"]
[White "Wang, Doudou"]
[Black "Huang, Qian"]
[Result "0-1"]
[BlackTitle "WGM"]
[WhiteElo "2225"]
[BlackElo "2439"]
[WhiteTeam "HEBEI"]
[BlackTeam "China Mobile CHONGQING"]
[WhiteFideId "8603197"]
[BlackFideId "8602689"]
[EventDate "2010.05.23"]

1. d4 d6 2. c4 e5 3. Nf3 e4 4. Nfd2 f5 5. g3 Nf6 6. Bg2 c6 7. Nb3 Be6 8. Qc2 Be7
9. Bg5 h6 10. Bxf6 Bxf6 11. Na3 a5 12. Rd1 a4 13. Nc1 Qa5+ 14. Qd2 Nd7 15. Qxa5
Rxa5 16. e3 Ke7 17. Ne2 d5 18. cxd5 Bxd5 19. Nc3 Bf7 20. g4 g6 21. f3 exf3 22.
Bxf3 fxg4 23. Bxg4 Nb6 24. Bf3 Rd8 25. O-O Bg7 26. Be4 c5 27. dxc5 Rxd1 28. Rxd1
Rxc5 29. Rd3 Bxc3 30. Rxc3 Rxc3 31. bxc3 Bxa2 32. Bxb7 Nc4 33. Nc2 Bb1 34. Na1
Nxe3 35. Kf2 Nd1+ 36. Ke2 Nxc3+ 37. Ke3 Kf6 38. Bc6 Ke5 39. Kd2 Kd4 40. Kc1 Be4
41. Be8 a3 42. Nb3+ Ke3 43. Nc5 Bf5 44. Bc6 Ne2+ 45. Kd1 a2 46. Nb3 Nd4 0-1

[Event "TCh-CHN"]
[Site "Guangzhou CHN"]
[Date "2010.10.15"]
[Round "15"]
[White "Tan, Zhongyi"]
[Black "Zhai, Mo"]
[Result "1-0"]
[WhiteTitle "WGM"]
[BlackTitle "WFM"]
[WhiteElo "2464"]
[BlackElo "2110"]
[WhiteTeam "China Mobile CHONGQING"]
[BlackTeam "HEBEI"]
[WhiteFideId "8603642"]
[BlackFideId "8600201"]
[EventDate "2010.05.23"]

1. Nf3 c5 2. c4 Nc6 3. Nc3 g6 4. d4 cxd4 5. Nxd4 Bg7 6. Nc2 Nf6 7. e4 d6 8. Be2
a6 9. O-O O-O 10. Be3 Be6 11. f3 Rc8 12. Qd2 Na5 13. b3 Qc7 14. Rac1 Nd7 15. Nd4
Qd8 16. Nd5 Nc6 17. Nxe6 fxe6 18. Nf4 Rf6 19. Rfd1 Qf8 20. b4 Bh6 21. Nd5 Bxe3+
22. Nxe3 Nce5 23. c5 dxc5 24. bxc5 Nxc5 25. Qd4 Ncd7 26. Nc4 Nxc4 27. Bxc4 Nc5
28. a4 b6 29. a5 Rc6 30. axb6 Qc8 31. Ba2 Nb7 32. Rxc6 Qxc6 33. Kh1 Kg7 34. h3
h6 35. Qb2 Qa4 36. Rc1 Qa5 37. Rc7 Qe1+ 38. Kh2 Nd6 39. Rxe7+ Nf7 40. Bxe6 1-0

[Event "TCh-CHN"]
[Site "Guangzhou CHN"]
[Date "2010.10.15"]
[Round "15"]
[White "Zhao, Jun"]
[Black "Liang, Chong"]
[Result "1/2-1/2"]
[WhiteTitle "GM"]
[BlackTitle "GM"]
[WhiteElo "2575"]
[BlackElo "2502"]
[WhiteTeam "SHANGDONG Linglong"]
[BlackTeam "GUANGDONG Huateng"]
[WhiteFideId "8602522"]
[BlackFideId "8600899"]
[EventDate "2010.05.23"]

1. d4 d5 2. c4 c6 3. Nf3 e6 4. Qb3 Nf6 5. Bg5 Nbd7 6. Nc3 h6 7. Bh4 Be7 8. e3
O-O 9. Bd3 dxc4 10. Qxc4 Nd5 11. Bg3 Nb4 12. Be4 Nf6 13. Bb1 b6 14. Qb3 Ba6 15.
a3 Nbd5 16. Ne2 c5 17. e4 Nc7 18. Qc2 g6 19. dxc5 bxc5 20. O-O Nb5 21. Re1 Qb6
22. Nf4 Nd4 23. Nxd4 cxd4 24. e5 d3 25. Qd2 Nh7 26. Bxd3 Rfd8 27. Qe2 Rxd3 28.
Nxd3 Rd8 29. Rad1 Qa5 30. f3 Qb5 31. Bf2 Nf8 32. Qc2 Rxd3 33. Rxd3 Qxd3 34. Qxd3
Bxd3 35. Bxa7 Nd7 36. Bd4 Kf8 37. Rc1 Bg5 38. Rc3 Bb5 39. g3 Ke8 40. Rc8+ Bd8
41. Kf2 Ba6 42. Rc1 Nb8 43. f4 Kd7 44. Bc5 Nc6 45. Rd1+ Kc8 46. Ke3 Ne7 47. a4
Nd5+ 48. Kd4 Ba5 49. Bd6 Bb6+ 50. Bc5 Ba5 51. Rb1 Nb4 52. Rc1 Kd7 53. Bxb4 Bxb4
54. b3 h5 55. Rc2 Bf1 56. Rc1 Ba6 57. Rc2 Bf1 58. Ke3 Ba6 59. Rc1 Ba3 60. Rc2
Bb4 61. Kf2 Ba5 62. h3 Bb6+ 63. Kg2 Ba5 64. g4 hxg4 65. hxg4 Bb7+ 66. Kh3 Bd5
67. Rb2 Bb4 68. Kh4 Be7+ 69. Kg3 Bb4 70. Kh4 1/2-1/2

[Event "TCh-CHN"]
[Site "Guangzhou CHN"]
[Date "2010.10.15"]
[Round "15"]
[White "Yu, Shaoteng"]
[Black "Wen, Yang"]
[Result "0-1"]
[WhiteTitle "GM"]
[BlackTitle "GM"]
[WhiteElo "2529"]
[BlackElo "2520"]
[WhiteTeam "GUANGDONG Huateng"]
[BlackTeam "SHANGDONG Linglong"]
[WhiteFideId "8600660"]
[BlackFideId "8602956"]
[EventDate "2010.05.23"]

1. e4 c5 2. Nf3 d6 3. d4 cxd4 4. Nxd4 Nf6 5. Nc3 a6 6. Be2 e5 7. Nb3 Be7 8. Be3
Be6 9. Nd5 Nbd7 10. Qd3 O-O 11. O-O Bxd5 12. exd5 Nc5 13. Qd2 Qc7 14. f3 Nh5 15.
Na5 h6 16. b4 Nd7 17. c4 Bg5 18. Bxg5 hxg5 19. g3 Nhf6 20. Bd3 e4 21. fxe4 Ne5
22. Kg2 Rae8 23. Rae1 Re7 24. Bb1 g4 25. Rxf6 gxf6 26. Qf4 Ng6 27. Qxg4 Re5 28.
Rf1 Rg5 29. Qe2 Qe7 30. Qf2 Ne5 31. Qxf6 Qxf6 32. Rxf6 Rg6 33. Rxg6+ fxg6 34.
Nxb7 Rb8 35. Na5 Rxb4 36. Nb3 a5 37. Kf2 Nxc4 38. Bd3 a4 39. Nd4 Ne5 40. Ke3 Rb2
41. a3 Rxh2 42. Bc2 Kf7 43. Bxa4 Ra2 44. Nb5 Ke7 45. Bd1 Nc4+ 46. Kf4 Kf6 47.
Bb3 Rf2+ 48. Kg4 Ne3+ 49. Kh3 g5 0-1

[Event "TCh-CHN"]
[Site "Guangzhou CHN"]
[Date "2010.10.15"]
[Round "15"]
[White "Kuang, Yinghui"]
[Black "Zhang, Jilin"]
[Result "1/2-1/2"]
[WhiteTitle "WIM"]
[BlackTitle "WGM"]
[WhiteElo "2202"]
[BlackElo "2281"]
[WhiteTeam "GUANGDONG Huateng"]
[BlackTeam "SHANGDONG Linglong"]
[WhiteFideId "8600988"]
[BlackFideId "8602867"]
[EventDate "2010.05.23"]

1. e4 c5 2. g3 d6 3. Bg2 Nf6 4. Ne2 e6 5. c3 Be7 6. d4 cxd4 7. cxd4 O-O 8. O-O
Nc6 9. Nbc3 Bd7 10. h3 Rc8 11. Be3 Qa5 12. a3 Qc7 13. b4 Qb8 14. Rc1 Rfd8 15. d5
exd5 16. Nxd5 Nxd5 17. exd5 Ne5 18. Nd4 Nc4 19. Rc3 Nxe3 20. Rxe3 Bf6 21. Rfe1
Re8 22. Qd3 Rxe3 23. Rxe3 Re8 24. Nf5 Bxf5 25. Qxf5 Rxe3 26. fxe3 Qd8 27. Kf2 g6
28. Qe4 Qe7 29. Qxe7 Bxe7 1/2-1/2

[Event "TCh-CHN"]
[Site "Guangzhou CHN"]
[Date "2010.10.15"]
[Round "15"]
[White "Ding, Liren"]
[Black "Zhou, Jianchao"]
[Result "1/2-1/2"]
[WhiteTitle "GM"]
[BlackTitle "GM"]
[WhiteElo "2565"]
[BlackElo "2650"]
[WhiteTeam "ZHEJIANG"]
[BlackTeam "SHANGHAI Jianqiao"]
[WhiteFideId "8603677"]
[BlackFideId "8603537"]
[EventDate "2010.05.23"]

1. d4 Nf6 2. c4 g6 3. f3 d5 4. cxd5 Nxd5 5. e4 Nb6 6. Nc3 Bg7 7. Be3 O-O 8. Qd2
Nc6 9. O-O-O f5 10. e5 Nb4 11. Nh3 Be6 12. Kb1 N6d5 13. Nf4 Nxc3+ 14. Qxc3 Nd5
15. Qc1 Nxf4 16. Bxf4 c6 17. h4 Qd5 18. b3 b5 19. h5 a5 20. h6 Bh8 21. Rd2 Rac8
22. Be2 c5 23. Bxb5 cxd4 24. Bc4 Qc6 25. Rxd4 Kf7 26. Qe3 Bxc4 27. Rxc4 Qd5 28.
Rhc1 Rxc4 29. Rxc4 g5 30. Bxg5 Bxe5 31. f4 Bd6 32. Rd4 Qc5 33. Qd3 Rc8 34. Qd1
Qc3 35. Rc4 Rxc4 36. Qd5+ e6 37. Qxc4 Qe1+ 38. Qc1 Qe4+ 39. Qc2 Qe1+ 40. Qc1
Qe4+ 41. Qc2 Qd4 42. Qc6 Qd1+ 43. Qc1 Qd5 44. Qc3 Qd1+ 45. Qc1 Qd3+ 46. Qc2 Qf1+
47. Kb2 Bxf4 48. Bxf4 Qxf4 49. Qc3 Qxh6 50. Qc7+ Kg8 51. Qc8+ Kf7 52. Qd7+ Kf8
53. Qd8+ Kf7 54. Qd7+ 1/2-1/2

[Event "TCh-CHN"]
[Site "Guangzhou CHN"]
[Date "2010.10.15"]
[Round "15"]
[White "Xu, Yuhua"]
[Black "Zhang, Xiaowen"]
[Result "1-0"]
[WhiteTitle "GM"]
[BlackTitle "WGM"]
[WhiteElo "2478"]
[BlackElo "2437"]
[WhiteTeam "ZHEJIANG"]
[BlackTeam "SHANGHAI Jianqiao"]
[WhiteFideId "8600635"]
[BlackFideId "8603219"]
[EventDate "2010.05.23"]

1. e4 e6 2. d4 d5 3. Nd2 c5 4. exd5 Qxd5 5. dxc5 Qxc5 6. Ngf3 Nf6 7. Bd3 Be7 8.
O-O b6 9. Ne4 Qc7 10. Qe2 Nbd7 11. Re1 O-O 12. Nxf6+ Nxf6 13. Ne5 Bb7 14. Bf4
Bd6 15. c4 Rad8 16. Rad1 Rfe8 17. Bg3 g6 18. Bh4 Kg7 19. Bg5 h6 20. Bf4 Nh5 21.
Bc1 Bxe5 22. Qxe5+ Qxe5 23. Rxe5 Rd4 24. Ree1 Red8 25. Be2 e5 26. Be3 Rxd1 27.
Rxd1 Rxd1+ 28. Bxd1 f5 29. f3 Nf4 30. b4 Nd3 31. a3 g5 32. Bc2 Nb2 33. c5 Nc4
34. Bf2 Kf6 35. cxb6 Nxa3 36. Bb3 a6 37. Bc5 Nb5 38. Kf2 h5 39. g3 Nd4 40. Bxd4
exd4 41. f4 gxf4 42. gxf4 h4 43. Ke2 Ke7 44. Kd3 Kd6 45. Kxd4 Bg2 46. Bc4 Bb7
47. Be2 1-0

[Event "TCh-CHN"]
[Site "Guangzhou CHN"]
[Date "2010.10.15"]
[Round "15"]
[White "Li, Xueyi"]
[Black "Ning, Chunhong"]
[Result "1-0"]
[BlackTitle "WGM"]
[WhiteElo "1957"]
[BlackElo "2347"]
[WhiteTeam "BEIJING Rendafuzhong"]
[BlackTeam "TIANJIN Nan Kai"]
[WhiteFideId "8605912"]
[BlackFideId "8600376"]
[EventDate "2010.05.23"]

1. d4 d5 2. Nf3 Nf6 3. Bf4 c6 4. e3 Bf5 5. Nbd2 e6 6. Be2 h6 7. c3 Be7 8. Ne5
Nbd7 9. h4 Qb6 10. Qc1 Nxe5 11. Bxe5 O-O-O 12. a4 Bd6 13. Bxd6 Rxd6 14. b4 Qc7
15. c4 Rdd8 16. c5 g5 17. b5 gxh4 18. b6 axb6 19. cxb6 Qxb6 20. a5 Qc7 21. a6 b6
22. a7 Kb7 23. Nf3 Ng4 24. Rxh4 Rhg8 25. Bf1 Qd6 26. Qb2 b5 27. Rxg4 Bxg4 28.
Ne5 Rc8 29. Nxg4 Rxg4 30. Bxb5 cxb5 31. a8=Q+ Rxa8 32. Qxb5+ Kc7 33. Rxa8 1-0

[Event "TCh-CHN"]
[Site "Guangzhou CHN"]
[Date "2010.10.15"]
[Round "15"]
[White "Cai, Jiaying"]
[Black "Xu, Ruoying"]
[Result "1-0"]
[WhiteElo "2068"]
[BlackElo "2028"]
[WhiteTeam "TIANJIN Nan Kai"]
[BlackTeam "BEIJING Rendafuzhong"]
[WhiteFideId "8604312"]
[BlackFideId "8603707"]
[EventDate "2010.05.23"]

1. e4 e5 2. Nf3 Nc6 3. Bb5 a6 4. Ba4 Nf6 5. O-O Be7 6. Re1 b5 7. Bb3 d6 8. c3
O-O 9. d3 Na5 10. Bc2 c5 11. Nbd2 Re8 12. Nf1 Be6 13. Ng3 h6 14. h3 Nc6 15. d4
cxd4 16. cxd4 exd4 17. Nxd4 Nxd4 18. Qxd4 Rc8 19. Bb3 d5 20. e5 Nd7 21. Bf4 Bc5
22. Qd2 Qe7 23. a3 Nf8 24. Bc2 Ng6 25. Bxg6 fxg6 26. Be3 Qh4 27. Bxc5 Rxc5 28.
Ne2 Kh7 29. Nf4 d4 30. g3 Qd8 31. Qb4 Rc4 32. Qd6 Qc8 33. Rad1 g5 34. Nxe6 Qxe6
35. Rxd4 Rxd4 36. Qxd4 Qxh3 37. Qe4+ Kh8 38. e6 g4 39. Qg6 1-0

[Event "TCh-CHN"]
[Site "Beijing CHN"]
[Date "2010.11.02"]
[Round "16"]
[White "Zhou, Weiqi"]
[Black "Ma, Qun"]
[Result "0-1"]
[WhiteTitle "GM"]
[WhiteElo "2584"]
[BlackElo "2369"]
[WhiteTeam "Lanpo JIANGSU"]
[BlackTeam "TIANJIN Nan Kai"]
[WhiteFideId "8601674"]
[BlackFideId "8603154"]
[EventDate "2010.04.16"]

1. d4 d5 2. c4 c6 3. Nc3 dxc4 4. e4 b5 5. a4 b4 6. Na2 Nf6 7. e5 Nd5 8. Bxc4 e6
9. Nf3 Be7 10. Bd2 a5 11. Nc1 Qb6 12. O-O Ba6 13. Qc2 Bxc4 14. Qxc4 Qa6 15. Qc2
h6 16. Nb3 Nd7 17. Rfc1 Rc8 18. Qc4 Qa7 19. Rc2 O-O 20. Qe2 Rc7 21. Rac1 Rfc8
22. g3 N7b6 23. Nc5 Bxc5 24. dxc5 Nd7 25. Rc4 Re8 26. Rg4 f5 27. exf6 N7xf6 28.
Rd4 Nd7 29. Ne5 Nxe5 30. Qxe5 Rf7 31. Qd6 Qd7 32. Re4 Rfe7 33. Qe5 Qc7 34. Qxc7
Rxc7 35. Rce1 Kf7 36. Bf4 Rd7 37. Bd6 Nf6 38. R4e2 e5 39. f3 Re6 40. Kf2 Ne8 41.
Bxe5 Rd5 42. Bf4 Rxe2+ 43. Rxe2 Rxc5 44. Be3 Rc4 45. Bb6 b3 46. Bxa5 Rxa4 47.
Bc3 Nf6 48. Ke3 Nd5+ 49. Kd3 h5 50. Re4 Ra1 51. Re1 Ra4 52. h4 g6 53. f4 Ne7 54.
Be5 Nf5 55. Rc1 Ra6 56. Rg1 Ra4 57. Kc3 Re4 58. Kxb3 Re3+ 59. Kc4 Nxg3 60. Kc5
Nf5 61. Rh1 Ne7 62. b4 Re2 63. Rc1 Ke6 64. Kb6 Nd5+ 65. Kc5 Rh2 66. Bd6 Rb2 67.
Re1+ Kd7 68. Be5 Rxb4 69. Rg1 Rb5+ 70. Kc4 Ne3+ 71. Kd3 Ng4 72. Bc3 Ke6 73. Ra1
Kf5 74. Ra6 Rd5+ 75. Ke2 Rd6 76. Bd2 Nf6 77. Bb4 Rd4 78. Bd2 Rc4 79. Kd3 Rc5 80.
Be3 Rd5+ 81. Ke2 Rd6 82. Kf3 Nd5 83. Bc5 Re6 84. Ra8 Kf6 85. Rf8+ Kg7 86. Rc8
Nf6 87. Rc7+ Kg8 88. Bd4 Nd5 89. Rd7 Ne7 90. Bf2 Nf5 91. Rc7 Kf8 92. Ra7 Ke8 93.
Rb7 Kd8 94. Rf7 Ne7 95. Bc5 Ke8 96. Rh7 Nf5 97. Bf2 Re7 98. Rh8+ Kd7 99. Ra8 Ke6
100. Rg8 Rg7 101. Re8+ Kd5 102. Rd8+ Nd6 103. Bd4 Re7 104. Bc3 c5 105. Bf6 Re8
106. Rd7 Ke6 0-1

[Event "TCh-CHN"]
[Site "Beijing CHN"]
[Date "2010.11.02"]
[Round "16"]
[White "Xu, Jun"]
[Black "Li, Haoyu"]
[Result "1/2-1/2"]
[WhiteTitle "GM"]
[WhiteElo "2513"]
[BlackElo "2369"]
[WhiteTeam "Lanpo JIANGSU"]
[BlackTeam "TIANJIN Nan Kai"]
[WhiteFideId "8600031"]
[BlackFideId "8601488"]
[EventDate "2010.04.16"]

1. d4 Nf6 2. c4 e6 3. Nf3 d5 4. Nc3 c6 5. Bg5 Be7 6. e3 Nbd7 7. Qc2 h6 8. Bh4
O-O 9. a3 b6 10. cxd5 cxd5 11. Bd3 Bb7 12. O-O Rc8 13. Nd2 Ne8 14. Bxe7 Qxe7 15.
Qd1 Nd6 16. Qe2 Nf6 17. Rfc1 Rc7 18. Nb5 Nxb5 19. Bxb5 Rfc8 20. Rxc7 Rxc7 21.
Bd3 Qd8 22. h3 Qc8 23. Rd1 Rc1 24. Nf3 Ba6 25. Bxa6 Rxd1+ 26. Qxd1 Qxa6 27. Ne5
Qc8 28. Qa4 a6 29. Qc6 Qxc6 30. Nxc6 Ne4 31. a4 Kf8 32. b4 a5 33. bxa5 bxa5 34.
Nxa5 Nc3 1/2-1/2

[Event "TCh-CHN"]
[Site "Beijing CHN"]
[Date "2010.11.02"]
[Round "16"]
[White "Cai, Jiaying"]
[Black "Shen, Yang"]
[Result "1-0"]
[BlackTitle "WGM"]
[WhiteElo "2068"]
[BlackElo "2444"]
[WhiteTeam "TIANJIN Nan Kai"]
[BlackTeam "Lanpo JIANGSU"]
[WhiteFideId "8604312"]
[BlackFideId "8603162"]
[EventDate "2010.04.16"]

1. e4 e5 2. Nf3 Nc6 3. Nc3 Nf6 4. d4 exd4 5. Nxd4 Bb4 6. Nxc6 bxc6 7. Bd3 O-O 8.
O-O d5 9. exd5 cxd5 10. Bg5 c6 11. Qf3 Rb8 12. Ne2 Bd6 13. b3 Be5 14. Rad1 Qa5
15. Bxf6 Bxf6 16. a4 Qc7 17. Ng3 Be5 18. Rfe1 g6 19. h3 Rb4 20. Bf1 Qb8 21. Qe3
Bf4 22. Qc3 Bd7 23. Ne4 Bh2+ 24. Kh1 Be5 25. Nf6+ Bxf6 26. Qxf6 Rf4 27. Qe7 Bf5
28. Qc5 Rc8 29. Rd2 h5 30. Ba6 Rc7 31. Qd6 Re4 32. Rxe4 Bxe4 33. Re2 Rc8 34. Qf6
Rf8 35. Qxc6 Qf4 36. Qc3 Qc1+ 37. Kh2 Qf4+ 38. Qg3 Qf6 39. Bd3 h4 40. Qe3 Re8
41. Kg1 Re6 42. Qd2 Kg7 43. Bxe4 dxe4 44. Qb4 Qe5 45. Qb5 Qf4 46. Qb4 Qe5 47.
Re1 a6 48. c3 f5 49. Rd1 Qc7 50. Qd4+ Kh6 51. c4 Rb6 52. Qc3 Qb8 53. Qe3+ f4 54.
Qxe4 Rxb3 55. c5 Rb4 56. Qe7 f3 57. c6 Rb1 58. Qxh4+ Kg7 59. Qd4+ Kh6 60. Qe3+ 1-0

[Event "TCh-CHN"]
[Site "Beijing CHN"]
[Date "2010.11.02"]
[Round "16"]
[White "Guo, Qi"]
[Black "Ning, Chunhong"]
[Result "1/2-1/2"]
[BlackTitle "WGM"]
[WhiteElo "2143"]
[BlackElo "2347"]
[WhiteTeam "Lanpo JIANGSU"]
[BlackTeam "TIANJIN Nan Kai"]
[WhiteFideId "8604002"]
[BlackFideId "8600376"]
[EventDate "2010.04.16"]

1. d4 d5 2. c4 dxc4 3. Nf3 Nf6 4. e3 a6 5. a4 e6 6. Bxc4 c5 7. O-O Nc6 8. Qe2
cxd4 9. Rd1 Be7 10. exd4 O-O 11. Nc3 Nb4 12. Bg5 Bd7 13. Ne5 Rc8 14. Bb3 Bc6 15.
Nxc6 Rxc6 16. Bxf6 Bxf6 17. d5 exd5 18. Nxd5 Nxd5 19. Bxd5 Rd6 20. Bxb7 a5 21.
Rxd6 Qxd6 22. Rd1 Qb4 23. Bc6 Qxb2 24. Qxb2 Bxb2 25. g3 g6 26. Rd7 Kg7 27. Bd5
h5 28. Kg2 Bc3 29. f4 Bb4 30. Kf3 Kf6 31. Ra7 Kg7 32. h3 Kf6 33. Bc4 Kg7 34. g4
hxg4+ 35. hxg4 g5 36. Rb7 gxf4 37. Kxf4 Kg6 38. Rd7 Ba3 39. Rd5 Bb4 40. Rd7 Ba3
41. Rd5 Bb4 42. Bd3+ Kg7 43. Rd7 Re8 44. Bc4 Re7 1/2-1/2

[Event "TCh-CHN"]
[Site "Beijing CHN"]
[Date "2010.11.02"]
[Round "16"]
[White "Zhang, Xiaowen"]
[Black "Xu, Ruoying"]
[Result "1-0"]
[WhiteTitle "WGM"]
[WhiteElo "2437"]
[BlackElo "2028"]
[WhiteTeam "SHANGHAI Jianqiao"]
[BlackTeam "BEIJING Rendafuzhong"]
[WhiteFideId "8603219"]
[BlackFideId "8603707"]
[EventDate "2010.04.16"]

1. e4 e5 2. Nf3 Nc6 3. Bb5 a6 4. Ba4 Nf6 5. O-O b5 6. Bb3 Be7 7. Re1 d6 8. c3
O-O 9. h3 Na5 10. Bc2 c5 11. d4 cxd4 12. cxd4 Qc7 13. Nbd2 Nc6 14. Nb3 a5 15.
Be3 a4 16. Nbd2 Bd7 17. Rc1 Qb7 18. Qe2 Rfe8 19. Bd3 Rab8 20. dxe5 Nxe5 21. Nxe5
dxe5 22. Nf3 Bf8 23. Bc5 Bc6 24. Bxf8 Kxf8 25. Qe3 Kg8 26. Rc5 Nd7 27. Rc2 Nf6
28. Nh4 Bd7 29. Rec1 Rbc8 30. Rxc8 Rxc8 31. Rxc8+ Qxc8 32. Nf5 Bxf5 33. exf5 Qb8
34. Qc5 b4 35. Bb5 b3 36. a3 Ne4 37. Qc6 Nd6 38. Bxa4 Nxf5 39. Qb5 Qxb5 40. Bxb5
Nd4 41. Bc4 Kf8 42. Kf1 Ke7 43. Ke1 f5 44. Kd2 Kd6 45. Kc3 Kc5 46. a4 e4 47. a5
f4 48. a6 Nc6 49. Bxb3 Na7 50. Bc4 e3 51. fxe3 fxe3 52. b4+ Kb6 53. Be2 Nc6 54.
g4 Ne5 55. Kd4 Nc6+ 56. Kxe3 Nxb4 57. Ke4 Nc6 58. Kd5 Ne7+ 59. Ke6 Ng6 60. Kf7
Nf4 61. Bf1 g6 62. g5 Nd5 63. Kg7 Ne3 64. Bd3 Ng2 65. Kxh7 Nf4 66. Bf1 Ka7 67.
h4 Kb6 68. Bc4 Ka7 69. Kg7 Kb6 70. Kf6 Ka7 71. Ke5 Ng2 72. h5 1-0

[Event "TCh-CHN"]
[Site "Beijing CHN"]
[Date "2010.11.02"]
[Round "16"]
[White "Li, Xueyi"]
[Black "Ju, Wenjun"]
[Result "0-1"]
[BlackTitle "WGM"]
[WhiteElo "1957"]
[BlackElo "2500"]
[WhiteTeam "BEIJING Rendafuzhong"]
[BlackTeam "SHANGHAI Jianqiao"]
[WhiteFideId "8605912"]
[BlackFideId "8603006"]
[EventDate "2010.04.16"]

1. d4 f5 2. c4 Nf6 3. Nc3 g6 4. g3 Bg7 5. Bg2 O-O 6. Nh3 e6 7. Nf4 d6 8. h4 c6
9. Qb3 e5 10. dxe5 dxe5 11. c5+ Kh8 12. Nd3 Qe7 13. Bg5 Be6 14. Qc2 Nbd7 15. h5
gxh5 16. Rxh5 Bf7 17. Rh4 e4 18. Nxe4 fxe4 19. Bxe4 Qxe4 20. Rxe4 Nxe4 21. Be3
Rae8 22. g4 Nef6 23. Bd4 Re4 24. e3 Rxg4 25. O-O-O Rxd4 26. exd4 Nd5 27. Qe2 Bg6
28. Rh1 Nf4 29. Nxf4 Rxf4 30. b3 Rxd4 31. Rd1 Re4 32. Qf3 Re7 33. Qh3 Nf8 34. f4
Rf7 35. Rf1 Bf5 36. Qh5 Kg8 37. Rd1 Bg6 38. Qg4 Bh6 39. Rf1 Rf5 40. Kb2 Ne6 41.
Qh4 Bg7+ 42. Ka3 Nxc5 43. Rd1 Bf8 44. Kb2 Ne6 45. Rf1 Bg7+ 46. Kc1 Rc5+ 47. Kd1
Rd5+ 48. Kc1 Nc5 49. f5 Bxf5 50. Qg3 Nd3+ 51. Kd2 Ne5+ 52. Kc1 Bg6 53. a4 Nd3+
54. Kd2 Be5 55. Qe3 Nf4+ 56. Kc1 Nd3+ 57. Kd2 Nb4+ 58. Ke2 Bd3+ 59. Kf3 Bxf1 60.
Qg5+ Bg7 61. Qg4 Nd3 62. Qc8+ Bf8 63. Qe6+ Kg7 64. Qg4+ Kf7 0-1

[Event "TCh-CHN"]
[Site "Beijing CHN"]
[Date "2010.11.02"]
[Round "16"]
[White "Ding, Liren"]
[Black "Li, Shilong"]
[Result "1-0"]
[WhiteTitle "GM"]
[BlackTitle "GM"]
[WhiteElo "2565"]
[BlackElo "2514"]
[WhiteTeam "ZHEJIANG"]
[BlackTeam "GUANGDONG Huateng"]
[WhiteFideId "8603677"]
[BlackFideId "8600678"]
[EventDate "2010.04.16"]

1. d4 Nf6 2. Nf3 g6 3. c4 Bg7 4. Nc3 d5 5. cxd5 Nxd5 6. e4 Nxc3 7. bxc3 c5 8.
Rb1 O-O 9. Be2 Nc6 10. d5 Bxc3+ 11. Bd2 Bxd2+ 12. Qxd2 Na5 13. h4 Bg4 14. Ng5
Bxe2 15. Kxe2 h6 16. h5 hxg5 17. hxg6 f6 18. Qd3 Qd7 19. Qf3 Qa4 20. Rh8+ Kg7
21. Rh7+ Kg8 22. Qf5 Qc2+ 23. Kf3 Qc3+ 24. Kg4 Qe5 25. Rbh1 Qf4+ 26. Qxf4 gxf4
27. Kf5 1-0

[Event "TCh-CHN"]
[Site "Beijing CHN"]
[Date "2010.11.02"]
[Round "16"]
[White "Liang, Chong"]
[Black "Yu, Lie"]
[Result "1-0"]
[WhiteTitle "GM"]
[WhiteElo "2502"]
[BlackElo "2407"]
[WhiteTeam "GUANGDONG Huateng"]
[BlackTeam "ZHEJIANG"]
[WhiteFideId "8600899"]
[BlackFideId "8603715"]
[EventDate "2010.04.16"]

1. d4 d5 2. Bf4 Nf6 3. e3 c5 4. c3 Nc6 5. Nd2 Qb6 6. Qb3 c4 7. Qxb6 axb6 8. a3
b5 9. Rd1 Bf5 10. f3 h5 11. h4 e6 12. Nh3 Be7 13. Ng5 Bc2 14. Rc1 Bg6 15. Be2
Nh7 16. e4 Nxg5 17. hxg5 Kd7 18. Kf2 f6 19. gxf6 Bxf6 20. exd5 exd5 21. Nf1 Rhf8
22. Ne3 Ne7 23. Rcd1 Bf7 24. Be5 Bg6 25. g3 h4 26. gxh4 Bh5 27. Bxf6 Rxf6 28.
Rdg1 g6 29. Rh3 Ke6 30. Ke1 Raf8 31. Ng4 Rf4 32. Ne5 R8f6 33. Bd1 Nf5 34. Ng4
Bxg4 35. fxg4 Nd6 36. h5 gxh5 37. gxh5 Ne4 38. h6 Nf2 39. h7 Re4+ 40. Kd2 Nxh3
41. h8=Q Rf2+ 42. Kc1 Nxg1 43. Qg8+ Kd6 44. Qxg1 Ref4 45. Qe1 Rf5 46. Qe8 b6 47.
Qxb5 Kc7 48. Qe8 Kb7 49. Kb1 Ka6 50. Qa8+ 1-0

[Event "TCh-CHN"]
[Site "Beijing CHN"]
[Date "2010.11.02"]
[Round "16"]
[White "Le, Thanh Tu"]
[Black "Ding, Yixin"]
[Result "1/2-1/2"]
[WhiteTitle "WGM"]
[BlackTitle "WFM"]
[WhiteElo "2318"]
[BlackElo "2315"]
[WhiteTeam "GUANGDONG Huateng"]
[BlackTeam "ZHEJIANG"]
[WhiteFideId "12401005"]
[BlackFideId "8602972"]
[EventDate "2010.04.16"]

1. d4 Nf6 2. c4 e6 3. Nf3 d5 4. g3 Bb4+ 5. Bd2 Be7 6. Bg2 O-O 7. O-O c6 8. Qb3
Nbd7 9. Nc3 b6 10. Bf4 Bb7 11. Rfd1 Nh5 12. Be3 f5 13. Ne5 Nxe5 14. dxe5 Kh8 15.
f4 g5 16. Bf3 gxf4 17. gxf4 Qe8 18. Kh1 Qg6 19. c5 b5 20. Rg1 Qh6 21. Qb4 Rg8
22. Rxg8+ Rxg8 23. Bxh5 Qxh5 24. Rg1 Rxg1+ 25. Bxg1 Bd8 26. Qd4 a5 27. a3 Ba6
28. Bf2 Qh3 29. Kg1 Qg4+ 30. Kf1 Qh3+ 31. Kg1 Qg4+ 32. Kf1 Qh3+ 33. Kg1 Qg4+ 34.
Kf1 Qh3+ 1/2-1/2

[Event "TCh-CHN"]
[Site "Beijing CHN"]
[Date "2010.11.02"]
[Round "16"]
[White "Xu, Yuhua"]
[Black "Kuang, Yinghui"]
[Result "1-0"]
[WhiteTitle "GM"]
[BlackTitle "WIM"]
[WhiteElo "2478"]
[BlackElo "2202"]
[WhiteTeam "ZHEJIANG"]
[BlackTeam "GUANGDONG Huateng"]
[WhiteFideId "8600635"]
[BlackFideId "8600988"]
[EventDate "2010.04.16"]

1. e4 e5 2. Nf3 Nc6 3. Bb5 Bc5 4. O-O Qf6 5. c3 Nge7 6. Re1 h6 7. d4 Bb6 8. Na3
O-O 9. Nc4 d6 10. a4 a6 11. Nxb6 cxb6 12. Be2 exd4 13. cxd4 d5 14. e5 Qe6 15.
Bd3 Bd7 16. Bb1 Rfc8 17. h3 a5 18. Ra3 Nb4 19. Nh2 Rc7 20. Ng4 Rac8 21. Bxh6
gxh6 22. Nf6+ Kg7 23. Rg3+ Ng6 24. Nh5+ Kf8 25. Qd2 Nc2 26. Qxh6+ Ke7 27. Ng7
Qc6 28. Bxc2 Qxc2 29. e6 Bxa4 30. exf7+ Kxf7 31. Ne6 1-0